[Event "WC-2016-P-00017"]
[Site "LSS email"]
[Date "2012.02.12"]
[Round "?"]
[White "Bandiera, Aurelio"]
[Black "Matugin, Sergei"]
[Result "1/2-1/2"]
[WhiteElo "2163"]
[BlackElo "2006"]
[PlyCount "90"]
[EventDate "2012.02.15"]
[EventType "tourn (corr)"]
[EventRounds "12"]
[EventCountry "GER"]
[SourceTitle "Telechess CBM 159"]
[Source "ChessBase"]
[SourceDate "2014.03.17"]
[SourceVersion "1"]
[SourceVersionDate "2014.03.17"]
[SourceQuality "1"]

1. d4 d5 2. c4 e6 3. Nf3 Nf6 4. g3 Be7 5. Bg2 0-0 6. 0-0 dxc4 7. Qc2 a6 8. a4 Bd7 9. Qxc4 Bc6 10. Bf4 a5 11. Nc3 Na6 12. Ne5 Bxg2 13. Kxg2 Nd5 14. Rad1 Nxf4+ 15. gxf4 Bd6 16. Rg1 Qh4 17. e3 Bxe5 18. fxe5 Nb4 19. h3 Rac8 20. Qe2 f6 21. f4 c5 22. exf6 Qxf6 23. Kh2 Qe7 24. Qb5 cxd4 25. Rxd4 Nc6 26. Rd2 Rcd8 27. Rdg2 Rf7 28. Qc4 Kh8 29. Ne4 g6 30. Rg4 Rg7 31. Rg5 Rdg8 32. Qc5 Qxc5 33. Rxc5 Rd8 34. Rb5 Rd3 35. Re1 Re7 36. Re2 Rd1 37. Rc2 e5 38. fxe5 Nxe5 39. Nc5 Nc6 40. Rc3 Nd8 41. Kg2 Kg7 42. Rcb3 Rd2+ 43. Kg3 Nf7 44. Rxb7 Re5 45. Rd7 Rg5+ 1/2-1/2

[Event "SM-2011-0-00179"]
[Site "LSS email"]
[Date "2011.11.14"]
[Round "?"]
[White "Buzas, Gyula"]
[Black "Bandiera, Aurelio"]
[Result "1/2-1/2"]
[WhiteElo "2242"]
[BlackElo "2163"]
[PlyCount "46"]
[EventDate "2011.11.04"]
[EventType "tourn (corr)"]
[EventRounds "6"]
[EventCountry "GER"]
[SourceTitle "Telechess CBM 159"]
[Source "ChessBase"]
[SourceDate "2014.03.17"]
[SourceVersion "1"]
[SourceVersionDate "2014.03.17"]
[SourceQuality "1"]
[WhiteTeam "IWEC (Canada)"]

1. d4 d5 2. c4 c6 3. Nf3 Nf6 4. Nc3 dxc4 5. a4 Bf5 6. e3 e6 7. Bxc4 Bb4 8. 0-0 Nbd7 9. Qe2 Bg6 10. e4 0-0 11. Bd3 Bh5 12. e5 Nd5 13. Nxd5 cxd5 14. Qe3 Bg6 15. Bxg6 fxg6 16. a5 b6 17. axb6 Qxb6 18. Bd2 Rfc8 19. h4 a5 20. Rfc1 h6 21. Qd3 Bxd2 22. Qxd2 Rxc1+ 23. Rxc1 Rb8 1/2-1/2

[Event "SM-2011-0-00164"]
[Site "LSS email"]
[Date "2011.07.22"]
[Round "?"]
[White "Baranowski, Tadeusz"]
[Black "Bandiera, Aurelio"]
[Result "1/2-1/2"]
[WhiteElo "2315"]
[BlackElo "2178"]
[PlyCount "47"]
[EventDate "2011.06.18"]
[EventType "tourn (corr)"]
[EventRounds "6"]
[EventCountry "GER"]
[SourceTitle "Corr 2015"]
[Source "ChessBase"]
[SourceDate "2015.07.17"]
[SourceVersion "1"]
[SourceVersionDate "2015.07.17"]
[SourceQuality "1"]

1. d4 Nf6 2. c4 e6 3. Nc3 Bb4 4. Qc2 0-0 5. a3 Bxc3+ 6. Qxc3 b5 7. cxb5 c6 8. Bg5 cxb5 9. e3 Bb7 10. Nf3 a6 11. Bd3 h6 12. Bh4 d6 13. 0-0 Nbd7 14. Rfc1 Qb6 15. Bg3 Nh5 16. Qc7 Nxg3 17. Qxd7 Nh5 18. Qc7 Qxc7 19. Rxc7 Rab8 20. Rac1 Rfc8 21. Nd2 Nf6 22. e4 Rxc7 23. Rxc7 Ne8 24. Rc1 1/2-1/2

[Event "LSS WC-2014-P-00010"]
[Site "LSS email"]
[Date "2010.02.18"]
[Round "?"]
[White "Bandiera, Aurelio"]
[Black "Rolle, Hannes"]
[Result "1-0"]
[WhiteElo "2176"]
[BlackElo "2154"]
[PlyCount "95"]
[EventDate "2010.02.24"]
[EventType "tourn (corr)"]
[EventRounds "6"]
[EventCountry "GER"]
[SourceTitle "Telechess CBM 141"]
[Source "ChessBase"]
[SourceDate "2011.03.17"]
[SourceVersion "1"]
[SourceVersionDate "2011.03.17"]
[SourceQuality "1"]

1. e4 c5 2. Nf3 d6 3. d4 cxd4 4. Nxd4 Nf6 5. Nc3 a6 6. Be3 e5 7. Nb3 Be6 8. f3 Be7 9. Qd2 0-0 10. 0-0-0 Qc7 11. g4 Rc8 12. g5 Nh5 13. Kb1 Nd7 14. Rg1 g6 15. Qf2 b5 16. Nd5 Bxd5 17. exd5 Ng7 18. f4 Nf5 19. Bc1 a5 20. Bd3 a4 21. Na1 b4 22. Bxf5 gxf5 23. fxe5 Nxe5 24. Qxf5 Bf8 25. h4 Bg7 26. h5 a3 27. bxa3 bxa3 28. Rg3 Rab8+ 29. Nb3 Qa7 30. Rg2 Rc7 31. Re2 Qa4 32. Rde1 Rcb7 33. Qh3 Rc7 34. h6 Bh8 35. Re4 Qa7 36. g6 hxg6 37. h7+ Kf8 38. Qg3 Re7 39. Bh6+ Ke8 40. Bf4 Kd7 41. c3 Ree8 42. Kc2 Rbc8 43. Bxe5 Rxe5 44. Rxe5 dxe5 45. Rf1 Ke8 46. d6 Qd7 47. Qf2 f6 48. Rd1 1-0

[Event "IECC KO-3072"]
[Site "IECC email"]
[Date "2009.12.10"]
[Round "?"]
[White "Martins, Karin"]
[Black "Bandiera, Aurelio"]
[Result "0-1"]
[WhiteElo "1713"]
[BlackElo "1935"]
[PlyCount "126"]
[EventDate "2009.??.??"]
[EventType "tourn (corr)"]
[SourceTitle "Telechess CBM 149"]
[Source "ChessBase"]
[SourceDate "2012.07.17"]
[SourceVersion "1"]
[SourceVersionDate "2012.07.17"]
[SourceQuality "1"]
[WhiteTeam "Germany"]
[BlackTeam "Italy"]
[WhiteTeamCountry "GER"]
[BlackTeamCountry "ITA"]

1. e4 c5 2. Nf3 e6 3. d4 cxd4 4. Nxd4 a6 5. c4 Nf6 6. Nc3 Qc7 7. Be2 Bb4 8. Qd3 b6 9. Nc2 Be7 10. 0-0 Bb7 11. f4 d6 12. f5 exf5 13. Rxf5 Nbd7 14. Nd4 Nc5 15. Qf3 Ncxe4 16. Nd5 Bxd5 17. Rxd5 0-0 18. Nf5 Rfe8 19. Rd4 Bf8 20. g4 h6 21. h4 d5 22. Bf4 Qd7 23. Be3 Re5 24. Bf4 Rxf5 25. gxf5 Bc5 26. Rad1 Re8 27. cxd5 Qxd5 28. Be3 Bxd4 29. Bxd4 Qxa2 30. Bf1 b5 31. Be2 Qa4 32. Kg2 Qc2 33. Qd3 Qc7 34. Qf3 Nh5 35. Bf1 Nef6 36. Rd2 Re4 37. Bf2 Qe5 38. Be2 Ng4 39. Qxg4 Rxg4+ 40. Bxg4 Qe4+ 41. Bf3 Qxf5 42. Bxh5 Qxh5 43. Rd8+ Kh7 44. Kf1 Qf5 45. Rd2 a5 46. Re2 a4 47. Rd2 b4 48. Re2 a3 49. bxa3 bxa3 50. Re1 a2 51. Kg2 Qb1 52. Kg3 a1Q 53. Rxb1 Qxb1 54. Kf3 Qd3+ 55. Kg2 f5 56. Bb6 f4 57. Kf2 Kg6 58. Bc5 Kf5 59. Kg2 f3+ 60. Kg3 Qe2 61. Bf2 h5 62. Kh3 Qf1+ 63. Kg3 Qg2# 0-1

[Event "LSS RM-2009-0-00039"]
[Site "LSS email"]
[Date "2009.11.16"]
[Round "?"]
[White "Degterev, Pavel"]
[Black "Bandiera, Aurelio"]
[Result "1-0"]
[WhiteElo "2297"]
[BlackElo "2168"]
[PlyCount "133"]
[EventDate "2009.09.30"]
[EventType "tourn (corr)"]
[EventRounds "6"]
[EventCountry "GER"]
[SourceTitle "Corr 2013"]
[Source "ChessBase"]
[SourceDate "2012.11.12"]
[SourceVersion "1"]
[SourceVersionDate "2012.11.12"]
[SourceQuality "1"]

1. b4 d5 2. Bb2 Nf6 3. Nf3 Bf5 4. e3 e6 5. a3 Bd6 6. c4 c6 7. c5 Bc7 8. Nh4 Bg6 9. Be2 Nbd7 10. f4 Qe7 11. 0-0 0-0 12. Nc3 Be4 13. g3 a5 14. Nxe4 dxe4 15. Qc2 Rfd8 16. Rab1 g6 17. Ng2 e5 18. f5 Kg7 19. fxg6 hxg6 20. Bc4 Rdb8 21. Rf2 axb4 22. axb4 b6 23. cxb6 Rxb6 24. g4 Rf8 25. Rbf1 Rxb4 26. g5 Nd5 27. Bxd5 cxd5 28. Ba3 Bd6 29. Bxb4 Bxb4 30. Rb1 Qd6 31. h4 Bc5 32. h5 Qc6 33. Rbf1 f5 34. gxf6+ Rxf6 35. Rxf6 Nxf6 36. hxg6 Kxg6 37. Qd1 Qe6 38. Nh4+ Kh7 39. Rf5 Qg8+ 40. Kh2 Qg7 41. Qg1 Qxg1+ 42. Kxg1 Kg7 43. Rxe5 Bb4 44. Rg5+ Kf7 45. Rg2 Ke6 46. Kf1 Be7 47. Ke2 Nh5 48. Rg6+ Ke5 49. Rh6 Ng3+ 50. Kf2 Bxh4 51. Rxh4 Nf5 52. Rh5 Ke6 53. Rh8 Ke5 54. Re8+ Kd6 55. Kg2 Kc6 56. Rf8 Nd6 57. Kg3 Kc7 58. Rf1 Kc6 59. Rc1+ Kb5 60. Kf4 Nc4 61. Rc2 Kb4 62. Kf5 Kb3 63. Rc1 Nxd2 64. Rc5 d4 65. exd4 e3 66. Kf4 Nc4 67. Kf3 1-0

[Event "LSS WC-2009-F-00006"]
[Site "LSS email"]
[Date "2009.11.03"]
[Round "?"]
[White "Bandiera, Aurelio"]
[Black "Salzmann, Stefan"]
[Result "1/2-1/2"]
[WhiteElo "2139"]
[BlackElo "2107"]
[PlyCount "72"]
[EventDate "2009.11.08"]
[EventType "tourn (corr)"]
[EventRounds "10"]
[EventCountry "GER"]
[SourceTitle "Telechess CBM 137"]
[Source "ChessBase"]
[SourceDate "2010.07.15"]
[SourceVersion "1"]
[SourceVersionDate "2010.07.15"]
[SourceQuality "1"]

1. e4 e5 2. Nf3 Nc6 3. Bb5 a6 4. Ba4 Nf6 5. 0-0 Be7 6. Re1 b5 7. Bb3 d6 8. c3 0-0 9. h3 Na5 10. Bc2 c5 11. d4 Qc7 12. Nbd2 cxd4 13. cxd4 Nc6 14. Nb3 a5 15. Be3 a4 16. Nbd2 Bd7 17. Rc1 Qb7 18. Qe2 Rfe8 19. Bd3 Rab8 20. dxe5 Nxe5 21. Nxe5 dxe5 22. Bc5 Bc6 23. Nf3 Nd7 24. Bxe7 Rxe7 25. Rc3 Nf8 26. Rec1 Be8 27. b3 axb3 28. Rxb3 Ne6 29. Qb2 Nf4 30. Bxb5 Qxe4 31. Bf1 Rxb3 32. Qxb3 Qa8 33. Rc5 e4 34. Nd4 g6 35. Qe3 Qa7 36. Rc4 Nd3 1/2-1/2

[Event "LSS WC-2009-F-00006"]
[Site "LSS email"]
[Date "2009.11.03"]
[Round "?"]
[White "Granara Barreto, Sebastian A"]
[Black "Bandiera, Aurelio"]
[Result "1/2-1/2"]
[WhiteElo "2087"]
[BlackElo "2140"]
[PlyCount "52"]
[EventDate "2009.11.08"]
[EventType "tourn (corr)"]
[EventRounds "10"]
[EventCountry "GER"]
[SourceTitle "Telechess CBM 137"]
[Source "ChessBase"]
[SourceDate "2010.07.15"]
[SourceVersion "1"]
[SourceVersionDate "2010.07.15"]
[SourceQuality "1"]

1. d4 d5 2. c4 c6 3. Nc3 Nf6 4. Nf3 a6 5. c5 Nbd7 6. Bf4 Nh5 7. Bd2 Nhf6 8. Qc2 g6 9. g3 Bg7 10. Bg2 0-0 11. 0-0 Re8 12. Rad1 Nf8 13. Qb3 Ne6 14. Na4 Ne4 15. Be3 Rb8 16. Nb6 Qc7 17. Nh4 f5 18. f4 Nf6 19. Nf3 Nd7 20. Nxd7 Bxd7 21. Ne5 Rec8 22. Qa3 Be8 23. Bf3 Nf8 24. Rd3 Nd7 25. Bd2 Nxe5 26. fxe5 e6 1/2-1/2

[Event "LSS RA-2009-0-00066"]
[Site "LSS email"]
[Date "2009.10.28"]
[Round "?"]
[White "Wolff, Christoph"]
[Black "Bandiera, Aurelio"]
[Result "1/2-1/2"]
[WhiteElo "2110"]
[BlackElo "2140"]
[PlyCount "70"]
[EventDate "2009.09.13"]
[EventType "tourn (corr)"]
[EventRounds "6"]
[EventCountry "GER"]
[SourceTitle "Telechess CBM 137"]
[Source "ChessBase"]
[SourceDate "2010.07.15"]
[SourceVersion "1"]
[SourceVersionDate "2010.07.15"]
[SourceQuality "1"]

1. e4 c5 2. Nc3 Nc6 3. f4 e6 4. Nf3 a6 5. g3 d5 6. d3 Nf6 7. Bg2 Be7 8. 0-0 0-0 9. Ne5 Nd4 10. exd5 Nxd5 11. Nxd5 exd5 12. Be3 f6 13. Nf3 Nc6 14. d4 c4 15. Nh4 Be6 16. f5 Bf7 17. c3 Re8 18. g4 b5 19. Qd2 b4 20. Rae1 Qb6 21. g5 fxg5 22. Nf3 h6 23. Ne5 Rad8 24. h4 Bf6 25. Nxf7 Kxf7 26. hxg5 hxg5 27. Bxg5 Rxe1 28. Rxe1 Ne7 29. Qf4 bxc3 30. bxc3 Ng8 31. Re6 Qb1+ 32. Kh2 Ne7 33. Bxf6 gxf6 34. Qc7 Rh8+ 35. Kg3 Rg8+ 1/2-1/2

[Event "LSS RA-2009-0-00066"]
[Site "LSS email"]
[Date "2009.10.26"]
[Round "?"]
[White "Bandiera, Aurelio"]
[Black "Santo, Moises"]
[Result "1/2-1/2"]
[WhiteElo "2131"]
[BlackElo "1969"]
[PlyCount "102"]
[EventDate "2009.09.13"]
[EventType "tourn (corr)"]
[EventRounds "6"]
[EventCountry "GER"]
[SourceTitle "Telechess CBM 137"]
[Source "ChessBase"]
[SourceDate "2010.07.15"]
[SourceVersion "1"]
[SourceVersionDate "2010.07.15"]
[SourceQuality "1"]

1. e4 c5 2. Nf3 d6 3. d4 cxd4 4. Nxd4 Nf6 5. Nc3 g6 6. Be3 Bg7 7. f3 Nc6 8. Qd2 0-0 9. Bc4 Bd7 10. h4 Rc8 11. Bb3 h5 12. 0-0-0 Ne5 13. Bh6 Qa5 14. Kb1 Nc4 15. Bxc4 Rxc4 16. Bxg7 Kxg7 17. Nb3 Qc7 18. g4 hxg4 19. h5 Rxc3 20. bxc3 gxf3 21. hxg6 fxg6 22. Qh6+ Kf7 23. Rd3 Bg4 24. Nd4 Qc4 25. Nxf3 Bxf3 26. Rxf3 Qxe4 27. Rhf1 Ke8 28. Re3 Qc6 29. Rff3 Qb5+ 30. Ka1 Qd5 31. Qxg6+ Kd8 32. Qd3 Rg8 33. Rg3 Rxg3 34. Rxg3 Qe5 35. Qe3 Qxe3 36. Rxe3 Nd5 37. Rd3 Nb6 38. Rd4 Kc7 39. c4 e5 40. Rg4 Kc6 41. Kb2 Na4+ 42. Kb3 Nc5+ 43. Kc3 b6 44. Kd2 a6 45. c3 Nb7 46. Rg8 Na5 47. Kd3 b5 48. cxb5+ axb5 49. Ra8 Nc4 50. Rc8+ Kb7 51. Rg8 Kc6 1/2-1/2

[Event "IECG CA.2009.0.00200"]
[Site "IECG email"]
[Date "2009.06.16"]
[Round "1"]
[White "Bandiera, Aurelio"]
[Black "Lindstrom, Timothy"]
[Result "1-0"]
[WhiteElo "2129"]
[BlackElo "2000"]
[PlyCount "25"]
[EventDate "2009.06.16"]
[EventType "tourn (corr)"]
[EventRounds "6"]
[SourceTitle "Corr 2024"]
[Source "ChessBase"]
[SourceDate "2023.10.19"]
[SourceVersion "1"]
[SourceVersionDate "2023.10.19"]
[SourceQuality "1"]

1. d4 Nf6 2. Nf3 b6 3. Bf4 Bb7 4. e3 g6 5. Be2 Bg7 6. h3 c5 7. c3 0-0 8. 0-0 Ne4 9. Nbd2 d6 10. Nxe4 Bxe4 11. d5 a6 12. Ng5 Bf5 13. e4 1-0

[Event "IECG CA.2009.0.00200"]
[Site "IECG email"]
[Date "2009.06.16"]
[Round "1"]
[White "Carroll, Patrick"]
[Black "Bandiera, Aurelio"]
[Result "0-1"]
[WhiteElo "2036"]
[BlackElo "2129"]
[PlyCount "116"]
[EventDate "2009.06.16"]
[EventType "tourn (corr)"]
[EventRounds "6"]
[SourceTitle "Corr 2024"]
[Source "ChessBase"]
[SourceDate "2023.10.19"]
[SourceVersion "1"]
[SourceVersionDate "2023.10.19"]
[SourceQuality "1"]

1. e4 c5 2. Nf3 Nc6 3. d4 cxd4 4. Nxd4 g6 5. Be3 Bg7 6. c4 Nf6 7. Nc3 Ng4 8. Qxg4 Nxd4 9. Qd1 Ne6 10. Rc1 d6 11. Bd3 Bd7 12. 0-0 0-0 13. Qe2 Bc6 14. Nd5 b6 15. b4 Nd4 16. Qd2 Bb7 17. Bb1 Nc6 18. Bg5 Re8 19. f4 Rc8 20. f5 f6 21. Bf4 e6 22. fxe6 Rxe6 23. Bd3 Ne5 24. Be2 Bc6 25. Be3 Qe8 26. Bf4 Qd8 27. Rc3 Qf8 28. b5 Ba8 29. Qc2 Ree8 30. Qb2 Nf7 31. Qd2 Rxe4 32. Re3 Bxd5 33. Qxd5 Rxe3 34. Bxe3 Qe7 35. Kf2 Re8 36. Qd2 f5 37. g3 h5 38. Re1 Kh7 39. Bf4 Qe4 40. Bf3 Bd4+ 41. Be3 Qxe3+ 42. Rxe3 Bxe3+ 43. Qxe3 Rxe3 44. Kxe3 Ne5 45. Be2 Ng4+ 46. Kd4 Nxh2 47. Kd5 g5 48. Kxd6 g4 49. Ke5 Nf3+ 50. Kf4 Nd4 51. Bd3 Kg6 52. Ke5 h4 53. gxh4 Nf3+ 54. Kf4 Nxh4 55. a4 Kf6 56. c5 Ng6+ 57. Ke3 bxc5 58. a5 Ne5 0-1

[Event "IECG CA.2009.0.00200"]
[Site "IECG email"]
[Date "2009.06.16"]
[Round "1"]
[White "Espirito Santo, Rubens Cardoso"]
[Black "Bandiera, Aurelio"]
[Result "0-1"]
[WhiteElo "2180"]
[BlackElo "2129"]
[PlyCount "40"]
[EventDate "2009.06.16"]
[EventType "tourn (corr)"]
[EventRounds "6"]
[SourceTitle "Corr 2024"]
[Source "ChessBase"]
[SourceDate "2023.10.19"]
[SourceVersion "1"]
[SourceVersionDate "2023.10.19"]
[SourceQuality "1"]

1. e4 c6 2. d4 d5 3. Nd2 dxe4 4. Nxe4 Bf5 5. Ng3 Bg6 6. Nf3 Nd7 7. Bd3 e6 8. 0-0 Qc7 9. Re1 Ngf6 10. Bg5 Bd6 11. c4 Bxd3 12. Qxd3 h6 13. Bd2 0-0 14. b4 a5 15. bxa5 c5 16. Bc3 cxd4 17. Qxd4 Rfd8 18. Rab1 Nc5 19. Qh4 Nd3 20. Red1 Be7 0-1

[Event "IECG CA.2009.0.00200"]
[Site "IECG email"]
[Date "2009.06.16"]
[Round "1"]
[White "Sorcinelli, Andrea"]
[Black "Bandiera, Aurelio"]
[Result "1/2-1/2"]
[WhiteElo "2018"]
[BlackElo "2129"]
[PlyCount "65"]
[EventDate "2009.06.16"]
[EventType "tourn (corr)"]
[EventRounds "6"]
[SourceTitle "Corr 2024"]
[Source "ChessBase"]
[SourceDate "2023.10.19"]
[SourceVersion "1"]
[SourceVersionDate "2023.10.19"]
[SourceQuality "1"]

1. e4 c6 2. d4 d5 3. exd5 cxd5 4. Bd3 Nc6 5. c3 e5 6. dxe5 Nxe5 7. Bb5+ Nc6 8. Nf3 Bc5 9. 0-0 Nge7 10. Nbd2 0-0 11. Nb3 Bb6 12. Re1 Nf5 13. Bd3 h6 14. Bc2 Be6 15. Qd3 Re8 16. Bf4 g6 17. Re2 Qf6 18. Rae1 d4 19. Ne5 Rad8 20. Nxc6 bxc6 21. Be5 Qg5 22. Nxd4 Bxa2 23. b3 Bxd4 24. cxd4 Nxd4 25. Bxd4 Rxe2 26. Qxe2 Rxd4 27. h4 Qf6 28. Qe3 Kg7 29. h5 gxh5 30. Qc3 a5 31. Qxa5 Rd5 32. Qa7 Rd2 33. Qc5 1/2-1/2

[Event "LSS SA-2009-0-00058"]
[Site "LSS email"]
[Date "2009.05.18"]
[Round "?"]
[White "Bandiera, Aurelio"]
[Black "Herzog, Klaus"]
[Result "1-0"]
[WhiteElo "2115"]
[BlackElo "1966"]
[PlyCount "107"]
[EventDate "2009.04.08"]
[EventType "tourn (corr)"]
[EventRounds "6"]
[EventCountry "GER"]
[SourceTitle "Telechess CBM 137"]
[Source "ChessBase"]
[SourceDate "2010.07.15"]
[SourceVersion "1"]
[SourceVersionDate "2010.07.15"]
[SourceQuality "1"]

1. d4 d5 2. Nf3 Nc6 3. Bf4 Nf6 4. c3 g6 5. h3 Bg7 6. e3 0-0 7. Be2 a5 8. Nbd2 a4 9. a3 Bf5 10. 0-0 Ra5 11. c4 Qd7 12. Rc1 Rc8 13. cxd5 Nxd5 14. Bh2 Nf6 15. Re1 Be6 16. Nc4 Raa8 17. Nfe5 Nxe5 18. Nxe5 Qe8 19. Nd3 Ne4 20. Bf3 f5 21. Bxc7 Qb5 22. Be2 Bc4 23. Bh2 Bh6 24. Bf4 Bxf4 25. Nxf4 Bxe2 26. Qxe2 Qxe2 27. Nxe2 Kf7 28. Red1 g5 29. g4 Nd6 30. gxf5 Nxf5 31. Rxc8 Rxc8 32. Rc1 Rxc1+ 33. Nxc1 Nd6 34. Nd3 Kf6 35. Kg2 h5 36. f3 Nc4 37. e4 b5 38. Kf2 Kg7 39. Kg3 Kf6 40. h4 e6 41. Kh3 b4 42. hxg5+ Kxg5 43. f4+ Kh6 44. Nxb4 Nxb2 45. d5 exd5 46. Nxd5 Nc4 47. Nc3 Nxa3 48. Nxa4 Nb5 49. Kg3 Kg6 50. Nc5 Nc3 51. Kf3 Kf6 52. Nd3 Nb5 53. Ke3 Na3 54. f5 1-0

[Event "LSS RA-2009-0-00039"]
[Site "LSS email"]
[Date "2009.02.06"]
[Round "?"]
[White "Herzog, Klaus"]
[Black "Bandiera, Aurelio"]
[Result "0-1"]
[WhiteElo "2015"]
[BlackElo "2118"]
[PlyCount "62"]
[EventDate "2009.01.01"]
[EventType "tourn (corr)"]
[EventRounds "6"]
[EventCountry "GER"]
[SourceTitle "Corr 2011"]
[Source "ChessBase"]
[SourceDate "2010.08.31"]
[SourceVersion "1"]
[SourceVersionDate "2010.08.31"]
[SourceQuality "1"]

1. e4 c6 2. d4 d5 3. e5 Bf5 4. Nc3 e6 5. g4 Bg6 6. Nge2 c5 7. h4 f6 8. Nf4 Bf7 9. exf6 cxd4 10. Qxd4 gxf6 11. Qa4+ Nc6 12. Be3 e5 13. Nfxd5 Bxd5 14. 0-0-0 Bxh1 15. Rxd8+ Rxd8 16. Bxa7 Bh6+ 17. Kb1 Nge7 18. Bb6 Rd7 19. g5 Bg7 20. gxf6 Bxf6 21. Bh3 Rd6 22. Bg4 h5 23. Nb5 Rd2 24. Kc1 hxg4 25. Kxd2 Rxh4 26. Qa8+ Kf7 27. Nd6+ Ke6 28. Nxb7 Bg5+ 29. Kc3 g3 30. fxg3 Nd5+ 31. Kd3 e4+ 0-1

[Event "LSS RA-2009-0-00039"]
[Site "LSS email"]
[Date "2009.02.06"]
[Round "?"]
[White "Pott, Brian"]
[Black "Bandiera, Aurelio"]
[Result "1/2-1/2"]
[WhiteElo "1978"]
[BlackElo "2118"]
[PlyCount "74"]
[EventDate "2009.01.01"]
[EventType "tourn (corr)"]
[EventRounds "6"]
[EventCountry "GER"]
[SourceTitle "Corr 2011"]
[Source "ChessBase"]
[SourceDate "2010.08.31"]
[SourceVersion "1"]
[SourceVersionDate "2010.08.31"]
[SourceQuality "1"]

1. e4 c6 2. d4 d5 3. e5 Bf5 4. Nf3 e6 5. Be2 Nd7 6. 0-0 Ne7 7. Nh4 Bg6 8. Nd2 Nf5 9. Nxg6 hxg6 10. Nf3 Be7 11. g3 Qb6 12. c3 0-0-0 13. Kg2 f6 14. h3 fxe5 15. dxe5 Rdf8 16. c4 Qc7 17. Bd3 Nxe5 18. Bf4 Bd6 19. Bxe5 Bxe5 20. Qe2 Bf6 21. Qxe6+ Kb8 22. cxd5 Re8 23. d6 Nxd6 24. Qg4 Bxb2 25. Rab1 Bf6 26. Bxg6 Re7 27. Rfd1 Nb5 28. Rb3 Nc3 29. Rc1 Nd5 30. h4 Rd8 31. h5 a6 32. Bd3 Ka7 33. Qc4 Qa5 34. Bg6 Nb6 35. Qc2 Rd5 36. Rcb1 Rc5 37. Qd3 Nd5 1/2-1/2